000 01239cam a2200373 a 4500
999 _c23292
_d23292
001 vtls008275936
005 20220823091409.0
008 180406s2005 xr c g he 001 0dcze
020 _a8086598063
_q(brož.)
035 _aSVKPOKN087415
040 _aSVKPOKN
_bslo
_cSVKPOKN
_dSNK
_eAACR2
041 1 _acze
_heng
044 _axr
_cCZ
072 7 _a929
_xBiografie
_2konspekt
080 _a94(100)"1939/1945"
_22001
080 _a929
_22001
080 _a(092)
_22001
080 _a(031)
_22001
130 0 _aWho's who in world war II
_lČesky
_93277
245 0 0 _aKdo byl kdo ve druhé světové válce
_csestavil John Keegan ; [z angl. orig. přel. Lenka Libosvárská]
250 _a2. dopl. vyd., dot.
260 _aBrno
_bBarrister & Principal
_c2005
300 _a297 s.
_bportr.
_c25 cm
490 1 _aEncyklopedie
500 _a2. vyd. v r. 2002
650 0 7 _adruhá svetová vojna (1939-1945)
_2SNKPH
_91735
650 0 7 _aWorld War (1939-1945)
_2SNKPHeng
_91740
655 7 _abiografie
_2SNKPH
_91756
655 7 _aencyklopédie
_2SNKPH
_91494
655 7 _aBiography
_2SNKPHeng
_91759
655 7 _aDictionaries
_2SNKPHeng
_93278
700 1 _aKeegan, John,
_d1934-
_4com
_93279
700 1 _aLibosvárská, Lenka
_4trl
_93280